Comportamiento del consumidor (Registro nro. 2962)
[ vista simple ]
| 000 -LEADER | |
|---|---|
| fixed length control field | 02029 a2200241 4500 |
| 001 - CONTROL NUMBER | |
| control field | 39153 |
| 005 - DATE AND TIME OF LATEST TRANSACTION | |
| control field | 20260407155650.0 |
| 008 - FIXED-LENGTH DATA ELEMENTS--GENERAL INFORMATION | |
| fixed length control field | 260407a1991 arg spa d |
| 003 - CONTROL NUMBER IDENTIFIER | |
| control field | AR-UNSa-BCEJYS |
| 040 ## - CATALOGING SOURCE | |
| Original cataloging agency | AR-UNSa-BCEJYS |
| Language of cataloging | spa |
| Transcribing agency | AR-UNSa-BCEJYS |
| 080 ## - UNIVERSAL DECIMAL CLASSIFICATION NUMBER | |
| Universal Decimal Classification number | 366.1 |
| Common auxiliary subdivision | Conducta del consumidor (Comportamiento del consumidor) |
| 020 ## - INTERNATIONAL STANDARD BOOK NUMBER | |
| International Standard Book Number | 978-968-880-185-7 |
| 100 1# - MAIN ENTRY--PERSONAL NAME | |
| Personal name | Schiffman, Leon G. |
| 245 10 - TITLE STATEMENT | |
| Title | Comportamiento del consumidor |
| 250 ## - EDITION STATEMENT | |
| Edition statement | 3a. ed |
| 264 #1 - PRODUCTION, PUBLICATION, DISTRIBUTION, MANUFACTURE, AND COPYRIGHT NOTICE | |
| Place of production, publication, distribution, manufacture | México : |
| Name of producer, publisher, distributor, manufacturer | Prentice-Hall Hispanoamericana |
| Date of production, publication, distribution, manufacture, or copyright notice | 1991 |
| 300 ## - PHYSICAL DESCRIPTION | |
| Extent | 740 p. |
| Dimensions | 24 cm. |
| 505 ## - FORMATTED CONTENTS NOTE | |
| Formatted contents note | Parte I.: Introducción: 1. Comporamiento del consumidor, introducción - 2. Segmentación de mercado - 3. Parte II: El consumidor como individuo: 3. Necesidades y motivación del consumidor - 4. Personalidad y comportamiento del consumidor - 5. Psicograficos del consumidor - 6. Percepción del consumidor - 7. Aprendizaje y participación del consumidor - 8. Naturaleza de las actitudes del consumidor - 9. Formación y cambio de actitudes del consumidor - 10. Comunicación y comportamiento del consumidor - Parte III: Los consumidores en el ambito cultural y social: 11. Dinámica de grupo y grupos de referencia del consmidor - 12. La familia - 13. Clase social y comportamiento del consumidor - 14. Influencia de la cultura en el comportamiento del consumidor - 15. Aspectos subculturales interculturales del comportamiento del consumidor - 16. Influencia personal y el proceso del liderazgo de opinión - 17. Divulgación de las innovaciones - 18. Toma de decisiones del consumidor - 19. Modelos de toma de decisiones del consumidor - Parte V:Ampliación del concepto del comportamiento del consumidor: 20. Aplicaciones del comportamiento del consumidor a organizaciones de servicios lucrativas y no lucrativas: consideraciones de política pública - |
| 590 ## - LOCAL NOTE (RLIN) | |
| Local note | niveau_biblio:m niveau_hierar:0 |
| 700 1# - ADDED ENTRY--PERSONAL NAME | |
| Personal name | Lazar Kanuk, Leslie |
| 856 41 - ELECTRONIC LOCATION AND ACCESS | |
| Uniform Resource Identifier | <a href="https://biblioeco.unsa.edu.ar/pmb/images/libros/L58899.jpg">https://biblioeco.unsa.edu.ar/pmb/images/libros/L58899.jpg</a> |
| Link text | Imagen de portada |
| Electronic format type | image/jpeg |
| 942 ## - ADDED ENTRY ELEMENTS (KOHA) | |
| Koha item type | |
| Withdrawn status | Lost status | Damaged status | Not for loan | Home library | Current library | Shelving location | Date acquired | Total checkouts | Full call number | Barcode | Date last seen | Price effective from | Koha item type |
|---|---|---|---|---|---|---|---|---|---|---|---|---|---|
| Biblioteca Prof. Eusebio Cleto del Rey | Biblioteca Prof. Eusebio Cleto del Rey | 07/04/2026 | 366.1 S333 3ed. | L58900 | 07/04/2026 | 07/04/2026 | Libro | ||||||
| Biblioteca Prof. Eusebio Cleto del Rey | Biblioteca Prof. Eusebio Cleto del Rey | 07/04/2026 | 366.1 S333 3ed. | L69699 | 07/04/2026 | 07/04/2026 | Libro | ||||||
| Biblioteca Prof. Eusebio Cleto del Rey | Biblioteca Prof. Eusebio Cleto del Rey | 07/04/2026 | 366.1 S333 3ed. | L58899 | 07/04/2026 | 07/04/2026 | Libro | ||||||
| Biblioteca Prof. Eusebio Cleto del Rey | Biblioteca Prof. Eusebio Cleto del Rey | 07/04/2026 | 366.1 S333 3ed. | L69700 | 07/04/2026 | 07/04/2026 | Libro |